Sports Quiz

Random Sports or Football Quiz

2010 Pro Bowl Starters Quiz Stats

 Plays Quiz Updated Nov 15, 2018

Support Sporcle.
Go Orange.
Score 0/54 Timer 08:00
5 Plays Today
Position Player % Correct
AFCChris Johnson
94.5%
AFCAndre Johnson
94%
NFCAaron Rodgers
91.7%
NFCAdrian Peterson
91%
AFCMatt Schaub
87.1%
AFCAntonio Gates
84.9%
NFCDeSean Jackson
81.8%
AFCBrandon Marshall
78.3%
AFCRay Lewis
76.7%
NFCMiles Austin
75.7%
NFCVernon Davis
73.2%
AFCDarrelle Revis
72.7%
NFCLeonard Davis
71.7%
AFCMario Williams
71%
NFCJason Peters
65.7%
NFCJared Allen
64.2%
NFCJulius Peppers
61.1%
AFCJames Harrison
60.5%
NFCDeMarcus Ware
58.3%
AFCJosh Cribbs
57%
NFCDavid Akers
55.5%
AFCVince Wilfork
52.6%
AFCNick Mangold
51.6%
NFCAsante Samuel
49.4%
AFCLe'Ron McClain
47.7%
AFCHaloti Ngata
45.7%
AFCShane Lechler
43%
Position Player % Correct
AFCJoe Thomas
42.5%
AFCBrian Dawkins
41.9%
NFCLondon Fletcher
41.1%
AFCBrandon Meriweather
34.8%
AFCElvis Dumervil
34.4%
NFCTerence Newman
33.9%
NFCSteve Hutchinson
33.6%
NFCAdrian Wilson
32.3%
AFCLogan Mankins
30.7%
AFCAlan Faneca
30.5%
AFCNnamdi Asomugha
29.6%
NFCLeonard Weaver
29.2%
AFCKyle Vanden Bosch
29.2%
AFCRyan Clady
29%
NFCDarnell Dockett
28%
NFCJohnny Knox
27.6%
AFCDan Carpenter
26.1%
NFCBrian Orakpo
25.8%
NFCShaun O'Hara
24.6%
NFCNick Collins
20.7%
NFCJay Ratliff
20.3%
NFCAndy Lee
19.1%
NFCDavid Diehl
17.3%
AFCKassim Osgood
8.4%
NFCJon Dorenbos
3.9%
NFCHeath Farwell
3.1%
AFCJon Condo
2.2%

From the Vault

Ruined By A Letter: Songs (1990s)

by samc67

Music 4m
Who doesn't love Grange rock?
Remove Ads.
Support Sporcle.
Get the best of Sporcle when you Go Orange. This ad-free experience offers more features, more stats, and more fun while also helping to support Sporcle. Thank you for becoming a member.

Show Comments

Extras

Top Quizzes Today


Score Distribution

Your Account Isn't Verified!

In order to create a playlist on Sporcle, you need to verify the email address you used during registration. Go to your Sporcle Settings to finish the process.

Report this User

Report this user for behavior that violates our Community Guidelines.

Details: